Úplný rozpočet zárukou stability Spišský kuriér hovorí so zástupkyňou prednostu MÚ Ing.Kutkovou v Sp.N.Vsi o rozpočte mesta

Bibliographic Details
Main Author: Hanák, Róbert (Author)
Corporate Author: Spišská Nová Ves (Slovensko). Mestský úrad (Author)
Format: Article
Language:Slovak
Subjects:

MARC

LEADER 00000nab a2200000 a 4500
001 vtls001014055
003 SK-MaSNL
005 20260303042338.0
008 040720e19950117xo 0 slo
035 |a SN9 
040 |a SNSK  |b slo  |c SNSK  |e AACR2 
041 0 |a slo 
044 |a xo  |c SK 
080 |a 336.121  |2 1981 
100 1 |a Hanák, Róbert  |4 aut  |9 267111 
245 1 0 |a Úplný rozpočet zárukou stability  |b Spišský kuriér hovorí so zástupkyňou prednostu MÚ Ing.Kutkovou v Sp.N.Vsi o rozpočte mesta 
610 2 7 |a Spišská Nová Ves (Slovensko).  |b Mestský úrad  |2 SNSK  |9 170251 
650 0 7 |a plánovanie rozpočtové  |2 SNSK  |9 1028466 
651 7 |a Spišská Nová Ves (Slovensko)  |2 SNSK  |9 28800 
651 7 |a SN,  |2 SNSK  |9 1021277 
655 7 |a periodikum  |2 snkbucl  |9 29553 
710 1 |a Spišská Nová Ves (Slovensko).  |b Mestský úrad  |4 aut  |9 170251 
773 0 8 |t Spišský kuriér  |g Roč. 4, č.2, 17.1.1995, s. 5 
852 |a ZVYKNI  |b KIS3GCP 
999 |c 1691663  |d 1693593